| 000 | 00654nam a2200265Ia 4500 | ||
|---|---|---|---|
| 003 | OSt | ||
| 005 | 20221005090158.0 | ||
| 006 | a|||||r|||| 00| 0 | ||
| 007 | ta | ||
| 008 | 221004b |||||||| |||| 00| 0 eng d | ||
| 020 | _a9971512661 | ||
| 024 | _a76514 | ||
| 037 | _cTextual | ||
| 040 |
_aCRL _cCRL _beng |
||
| 041 |
_2eng _aeng |
||
| 082 | _aD65,4, M1 | ||
| 100 |
_aSze S M _9391912 |
||
| 245 | 0 | _aPhysics of semiconductor devices | |
| 250 | _a2nd | ||
| 260 |
_aNew York _bJohn Wiley & Sons _c1981 |
||
| 300 |
_a868p. _ccm. |
||
| 650 | _aENGINEERING | ||
| 942 |
_hD65,4, M1 _cTEXL _2cc |
||
| 999 |
_c995350 _d995350 |
||